| 000 | 00875nam a2200217Ii 4500 | ||
|---|---|---|---|
| 003 | JO-AjNU | ||
| 008 | 230605s9999||||xx |||||||||||||| ||und|| | ||
| 040 |
_aJO-AjNU _bara _erda _cJO-AjNU |
||
| 041 | _aara | ||
| 050 | 1 | 4 | _aTH420.J67.1988 |
| 100 | 3 |
_aإعداد حسن العكور؛ مراجعة سفيان التل , _eauthor _951566 |
|
| 245 | 0 | 0 | _aمجلس البناء الوطني الأردني، وزارة الأشغال العامة والإسكان: كود النفايات |
| 250 | _aط1 | ||
| 264 | 3 | 1 | _aعمان: الجمعية العلمية الملكية،مجلس البناء الوطني الأردني، 1988 |
| 300 | _a52ص | ||
| 336 |
_atext _btxt _2rdacontent |
||
| 337 |
_aunmediated _bn _2rdamedia |
||
| 338 |
_avolume _bnc _2rdacarrier |
||
| 490 | 0 | _aكودات البناء الوطني الأردني | |
| 650 | 4 |
_aالنفايات _951567 |
|
| 999 |
_aA22789 _c26357 _d26357 |
||